000 00647nam a2200277Ia 4500
005 20260324120717.0
008 008 260324s9999 xx 000 0 eng d
020 _a9781315818771
037 _aEBOOK
040 _aCRL
040 _beng
040 _cCRL
041 _2eng
041 _aeng
084 _qCRL
100 _aHeung-Wah Wong; Hoi-yan Yau
_91159662
245 0 _aJapanese Adult Videos in Taiwan
260 _bTaylor and Francis
260 _c2014
365 _a
365 _b265
856 _uhttp://www.taylorfrancis.com/books/9781315818771
942 _cEBOOK
999 _c1751335
_d1751335